|
|
|
|
| LEADER |
00000nam0a2200000 4500 |
| 001 |
121019 |
| 005 |
20231031125248.0 |
| 020 |
|
|
|a RU
|b 85-85482
|
| 035 |
|
|
|a (RuTPU)RU\TPU\book\131041
|
| 090 |
|
|
|a 121019
|
| 100 |
|
|
|a 20070908d1985 km y0rusy5003 ca
|
| 101 |
0 |
|
|a rus
|
| 102 |
|
|
|a RU
|
| 105 |
|
|
|a a z 001zy
|
| 200 |
1 |
|
|a Представление и обработка изображений. Рекурсивный подход
|f В. В. Александров, Н. Д. Горский
|g Академия наук СССР (АН СССР); Ленинградский научно-исследовательский вычислительный центр; под ред. В. М. Пономарева
|
| 210 |
|
|
|a Ленинград
|c Наука
|c Ленингр. отд-ние
|d 1985
|
| 215 |
|
|
|a 189 с.
|c ил.
|
| 610 |
1 |
|
|a изображения
|
| 610 |
1 |
|
|a цифровая обработка
|
| 610 |
1 |
|
|a представление
|
| 610 |
1 |
|
|a рекурсивные структуры
|
| 610 |
1 |
|
|a видеоданные
|
| 675 |
|
|
|a 621.397
|z rus
|
| 700 |
|
1 |
|a Александров
|b В. В.
|g Виктор Васильевич
|4 070
|
| 701 |
|
1 |
|a Горский
|b Н. Д.
|g Николай Дмитриевич
|4 070
|
| 702 |
|
1 |
|a Пономарев
|b В. М.
|4 340
|
| 712 |
0 |
2 |
|a Академия наук СССР (АН СССР)
|b Ленинградский научно-исследовательский вычислительный центр (ЛНИВЦ)
|c (1978-1985)
|2 stltpush
|3 (RuTPU)RU\TPU\col\9968
|
| 801 |
|
0 |
|a RU
|b RuMRKP
|c 19950704
|g psbo
|
| 801 |
|
1 |
|a RU
|b 63413507
|c 20070908
|g PSBO
|
| 801 |
|
2 |
|a RU
|b 63413507
|c 20150317
|g PSBO
|
| 942 |
|
|
|c BK
|